000 00969nam a2200325 a 4500
001 6013
003 BD-RjUL
005 20211208234153.0
008 14 t1988 enk b 001 0 eng d
020 _a0415012759 (pbk.) :
020 _a0415012740 (cased) :
035 _a(BD-RjUL)
035 _a(BD-RjUL)6052
040 _aBNB
_beng
_cBNB
_dBD-RjUL
041 _aeng
082 0 0 _a361.301
_220
_bROS 1988
100 1 _aRojek, Chris.
_918908
245 1 0 _aSocial work and received ideas /
_cChris Rojek ; Geraldine peacock and Stewart Collins.
260 _aLondon :
_bRoutledge,
_c1988.
300 _aviii, 198 p. ;
_c22 cm.
500 _aWelfare work. Theories (BNB/PRECIS)
500 _aIncludes indexes.
504 _aBibliography: p. 183-191.
650 0 _aSocial service.
_918909
650 0 _aSocial service
_xPhilosophy.
_918910
700 1 _aPeacock, Geraldine.
_918911
700 1 _aCollins, Stewart.
_918912
942 _2ddc
_cBK
999 _c6013
_d6013